Welcome to CU Library Online Public Access Catalogue (OPAC)

Investments (Record no. 3441)

MARC details
000 -LEADER
fixed length control field 00507nam a22001937a 4500
005 - DATE AND TIME OF LATEST TRANSACTION
control field 20250305180323.0
008 - FIXED-LENGTH DATA ELEMENTS--GENERAL INFORMATION
fixed length control field 250204b |||||||| |||| 00| 0 eng d
020 ## - INTERNATIONAL STANDARD BOOK NUMBER
International Standard Book Number 9788120321014
050 ## - LIBRARY OF CONGRESS CALL NUMBER
Classification number HG4521
Item number .534 SHA
100 ## - MAIN ENTRY--PERSONAL NAME
Personal name Sharpe, William F.
245 ## - TITLE STATEMENT
Title Investments
250 ## - EDITION STATEMENT
Edition statement 6th Ed.
260 ## - PUBLICATION, DISTRIBUTION, ETC.
Place of publication, distribution, etc. New Delhi
Name of publisher, distributor, etc. Prentice-Hall
Date of publication, distribution, etc. c2006
300 ## - PHYSICAL DESCRIPTION
Extent xxix, 962p;
Other physical details ill.;
500 ## - GENERAL NOTE
General note Includes index
700 ## - ADDED ENTRY--PERSONAL NAME
Personal name Alexander, Gordon J.
700 ## - ADDED ENTRY--PERSONAL NAME
Personal name Bailey, Jeffery V.
942 ## - ADDED ENTRY ELEMENTS (KOHA)
Source of classification or shelving scheme Library of Congress Classification
Koha item type Books
Suppress in OPAC No
Edition 6th Ed.
999 ## -
-- 3441
-- 3441
Holdings
Withdrawn status Lost status Source of classification or shelving scheme Damaged status Not for loan Collection Home library Current library Shelving location Date acquired Total checkouts Full call number Barcode Date last seen Copy number Price effective from Koha item type
    Library of Congress Classification     Non-fiction Business Library (Miotso) Business Library (Miotso) Reference 03/05/2025   HG4521.548 SHA bssm00001139 03/05/2025 2 03/05/2025 Books
    Library of Congress Classification     Non-fiction Business Library (Miotso) Business Library (Miotso) Reference 03/05/2025   HG4521.548 SHA bssm00001140 03/05/2025 3 03/05/2025 Books
    Library of Congress Classification     Non-fiction Graduate Library (Christ Temple) Graduate Library (Christ Temple) General stacks 03/13/2026   HG 4521 SHA GSCT00003218 03/13/2026 1 03/13/2026 Books
    Library of Congress Classification     Non-fiction Graduate Library (Christ Temple) Graduate Library (Christ Temple) General stacks 03/13/2026   HG 4521 SHA GSCT00003219 03/13/2026 2 03/13/2026 Books
    Library of Congress Classification     Non-fiction Graduate Library (Christ Temple) Graduate Library (Christ Temple) General stacks 03/13/2026   HG 4521 SHA GSCT00003220 03/13/2026 3 03/13/2026 Books
    Library of Congress Classification     Non-fiction Graduate Library (Christ Temple) Graduate Library (Christ Temple) General stacks 03/13/2026   HG 4521 SHA GSCT00003221 03/13/2026 4 03/13/2026 Books
    Library of Congress Classification     Non-fiction Graduate Library (Christ Temple) Graduate Library (Christ Temple) General stacks 03/13/2026   HG 4521 SHA GSCT00003222 03/13/2026 5 03/13/2026 Books
    Library of Congress Classification     Non-fiction Undergraduate Library (Christ Temple) Undergraduate Library (Christ Temple) General stacks 02/04/2025   HG4521.548 SHA ulct00001051 02/04/2025 1 02/04/2025 Books
© 2023-2024 Copyright: Central University Libraries. All Rights Reserved | Created by: Mahone Tech Office